000 00587nam a2200133Ia 4500
008 171212s9999 xx 000 0 und d
020 _a9780731538164
100 _aBarclay, Kate;Cartwright, Ian
245 _cBarclay, Kate;Cartwright, Ian
_aCapturing Wealth from Tuna
_bCase Studies from the Pacific
260 _bANU E Press
_c2007
650 _aEcology & Evolutionary Biology
650 _aTuna fisheries -- Islands of the Pacific; Tuna fisheries -- Law and legislation -- Islands of the Pacific; Tuna fisheries -- Economic aspects
856 _uwww.jstor.org/stable/10.2307/j.ctt24h95s
999 _c351024
_d351024